00793nam a2200217Ia 4500008004100000020001500041040001800056041000800074100003000082245008500112260006400197300001800261600004100279650001300320650003800333650001200371650006500383650003100448650007400479700002200553130821s1995 ck gr spa  a9589054390 aCo-BoUCMbspa00aspa1 aLondoño Botero, Rocío10aDiez historias de vida Las MaríascRocío Londoño Botero y Gabriel Restrepo aBogotá (Cundinamarca, Colombia)bFundación Socialc1995 a206 páginas aCampoamor, José Maríad1862-194604aHistoria04aMujeres en las obras parroquiales04aMujeres04aMujeresxHistoriazBarrio la candelaria (Bogotá, Colombia)04aTrabajo social con mujeres04aTrabajo social con mujereszBarrio la Candelaria (Bogotá, Colombia)1 aRestrepo, Gabriel